000 00495nam a22001457a 4500
999 _c4631
_d4631
008 200817b ||||| |||| 00| 0 eng d
041 0 _aeng
082 0 0 _a954.08
_bI3911
110 _91726
_aMinistry of information and Broad Casting, India.
245 1 0 _aCollective works of mahatma Gandhi - VI /
_cby Ministry of information and Broad Casting, India.
260 _aDelhi :
_bMinistry of information and Broad Casting, India,
_c1961.
300 _axxii,560 p.
650 0 _aBiography
942 _cBK